| 000 | 00658nam a2200229Ia 4500 | ||
|---|---|---|---|
| 003 | OSt | ||
| 005 | 20220926014515.0 | ||
| 006 | a|||||r|||| 00| 0 | ||
| 007 | ta | ||
| 008 | 220923b |||||||| |||| 00| 0 eng d | ||
| 037 | _cGeneral Book | ||
| 040 |
_aRTL _cRTL _beng |
||
| 041 |
_2eng _aeng |
||
| 082 | _aY773.N6, K5 | ||
| 100 |
_aRiddle Donald H Ed. _9320743 |
||
| 245 | 0 |
_aAmerican society in action _b Readings for the probl |
|
| 260 |
_aNew York _bMcGraw-Hill _c1965 |
||
| 300 |
_avi,410p _ccm. |
||
| 650 |
_aAmerican Society _9240334 |
||
| 942 |
_hY773.N6, K5 _cGB _2CC |
||
| 999 |
_c629206 _d629206 |
||